000 00415nam a2200145 a 4500
005 20140414131935.0
008 110112s19uu xx 00 eng d
050 _aREF 581
_bW55 2002
245 _aWhich plants eat meat? :
_bPlants.
260 _aNashville, Tennessee :
_bMiles Kelly,
_c2002.
440 _aAsk me why
650 _aPlants
_xJuvenile literature
650 _aQuestions and answers.
999 _c112426
_d112426